000 00306nam a22001457a 4500
008 221011b ||||| |||| 00| 0 eng d
020 _a207856 2 00
041 _aeng
080 _a61
082 _a61
100 _a5
101 _amjek
245 _aCRITICAL CARE MEDICINE
_cKLUWER W
942 _2udc
_cBK
999 _c58466
_d58466